[Event "Gibraltar Masters"]
[Site "Caleta ENG"]
[Date "2011.01.26"]
[Round "2"]
[White "Dzagnidze, Nana"]
[Black "Adams, Michael"]
[Result "1/2-1/2"]
[WhiteTitle "GM"]
[BlackTitle "GM"]
[WhiteElo "2550"]
[BlackElo "2723"]
[WhiteFideId "13601903"]
[BlackFideId "400041"]
[EventDate "2011.01.25"]

1. d4 Nf6 2. c4 e6 3. Nf3 b6 4. a3 Ba6 5. Qc2 Bb7 6. Nc3 c5 7. e4 cxd4 8. Nxd4
Nc6 9. Nxc6 Bxc6 10. Bf4 Bc5 11. Rd1 a5 12. Be2 O-O 13. O-O Qe7 14. e5 Nh5 15.
Bxh5 Qh4 16. Bf3 Bxf3 17. gxf3 Qxf4 18. Qe4 Qg5+ 19. Kh1 Rad8 20. f4 Qh5 21. Qe2
Qh4 22. Qf3 f6 23. Qg3 Qxg3 24. fxg3 fxe5 25. fxe5 Rxf1+ 26. Rxf1 Bd4 27. Re1
Bxc3 28. bxc3 Kf7 29. Rb1 Rc8 30. Rxb6 Rxc4 31. Rb7 Ke7 32. Rb5 Ra4 33. Rb3 Re4
34. Rb5 Ra4 35. Rb3 Kd8 36. Kg2 Kc7 37. Kf2 Re4 38. Rb5 Ra4 39. Rb3 Kc6 40. Ke3
Rc4 41. Kd3 Rc5 42. Rb8 Rxe5 43. a4 h5 44. c4 g5 45. Kd4 d6 46. Rc8+ Kb7 47. Rd8
Kc7 48. Ra8 g4 49. Rh8 Rf5 50. Rh6 Kd7 51. Rh8 Rc5 52. Ra8 Kc7 53. Rh8 Re5 54.
Kd3 Rf5 55. Kd4 Kd7 56. Rh6 Rf3 57. c5 Ra3 58. cxd6 Kxd6 59. Rxh5 Rxa4+ 60. Ke3
e5 61. h4 gxh3 62. Rxh3 Ra1 63. Ke4 Re1+ 64. Kd3 a4 65. Rh4 Ra1 66. Kc3 Ra3+ 67.
Kb2 Rxg3 68. Rxa4 Rd3 69. Kc2 Rd5 70. Ra6+ Kc5 71. Ra5+ Kd4 72. Rxd5+ Kxd5 73.
Kd3 e4+ 1/2-1/2

[Event "Gibraltar Masters"]
[Site "Caleta ENG"]
[Date "2011.01.26"]
[Round "2"]
[White "Bologan, Viktor"]
[Black "Sengupta, Deep"]
[Result "0-1"]
[WhiteTitle "GM"]
[BlackTitle "GM"]
[WhiteElo "2693"]
[BlackElo "2530"]
[WhiteFideId "13900048"]
[BlackFideId "5008352"]
[EventDate "2011.01.25"]

1. e4 e6 2. d4 d5 3. Nc3 Bb4 4. e5 c5 5. a3 Bxc3+ 6. bxc3 Ne7 7. Nf3 Qa5 8. Bd2
Nbc6 9. Be2 Bd7 10. O-O Qc7 11. Re1 h6 12. a4 O-O 13. Bf4 Ng6 14. Bg3 Nce7 15.
Bd3 c4 16. Bf1 Nf5 17. h4 Nxg3 18. fxg3 f5 19. Be2 a5 20. h5 Nh8 21. g4 fxg4 22.
Nh2 g3 23. Nf1 Nf7 24. Nxg3 Ng5 25. Qc1 Bc6 26. Bg4 Rf7 27. Ne2 Raf8 28. Qa3 Qd8
29. Qd6 Qe8 30. Ng3 Rf4 31. Be2 Rf2 32. Rf1 Rxf1+ 33. Rxf1 Rxf1+ 34. Bxf1 Qf8
35. Qc7 Qf4 0-1

[Event "Gibraltar Masters"]
[Site "Caleta ENG"]
[Date "2011.01.26"]
[Round "2"]
[White "Rapport, Richard"]
[Black "Onischuk, Alexander"]
[Result "1-0"]
[WhiteTitle "GM"]
[BlackTitle "GM"]
[WhiteElo "2531"]
[BlackElo "2689"]
[WhiteFideId "738590"]
[BlackFideId "14101025"]
[EventDate "2011.01.25"]

1. d4 Nf6 2. c4 e6 3. Nf3 b6 4. Bf4 Bb7 5. e3 d6 6. Nc3 Nbd7 7. h3 g6 8. Be2 Bg7
9. O-O O-O 10. Bh2 Qe7 11. Qc2 e5 12. Rad1 c6 13. c5 bxc5 14. dxe5 dxe5 15. e4
Nh5 16. Na4 Nf4 17. Bc4 Rad8 18. Rfe1 Bc8 19. Qb3 Rfe8 20. Bg3 h6 21. Rc1 Qf6
22. Red1 Bf8 23. Rd2 Ne6 24. Rc3 Nf4 25. Bh4 Qg7 26. Bxd8 Rxd8 27. g3 Nxh3+ 28.
Kg2 Re8 29. Rcd3 Nf6 30. Rd8 Be7 31. Rxe8+ Nxe8 32. Qb8 1-0

[Event "Gibraltar Masters"]
[Site "Caleta ENG"]
[Date "2011.01.26"]
[Round "2"]
[White "Nisipeanu, Liviu-Dieter"]
[Black "Hoffmann, Michael1"]
[Result "1/2-1/2"]
[WhiteTitle "GM"]
[BlackTitle "GM"]
[WhiteElo "2678"]
[BlackElo "2506"]
[WhiteFideId "1202758"]
[BlackFideId "4601297"]
[EventDate "2011.01.25"]

1. e4 c5 2. Nf3 d6 3. d4 cxd4 4. Nxd4 Nf6 5. Nc3 a6 6. Be3 Ng4 7. Bg5 h6 8. Bh4
g5 9. Bg3 Bg7 10. h3 Nf6 11. Qf3 Qb6 12. O-O-O Nc6 13. Nxc6 Qxc6 14. Be2 Qc5 15.
Rhe1 Be6 16. e5 dxe5 17. Bd3 O-O 18. Bxe5 b5 19. Bxf6 Bxf6 20. Ne4 Qe5 21. Nxf6+
Qxf6 22. Qxf6 exf6 23. Be4 Ra7 24. Rd6 Kg7 25. Bd5 Bf5 26. c3 Rc8 27. Kd2 h5 28.
Re3 h4 29. b3 a5 30. a3 b4 31. a4 bxc3+ 32. Rxc3 Re8 33. Re3 Rc8 34. Bc4 Rac7
35. Kc3 Be6 36. Re4 Rc5 37. Red4 Rf5 38. f3 Re5 39. Re4 Rec5 40. Red4 Re5 41.
Re4 Rec5 42. Rb6 f5 43. Rd4 Re5 44. Kd2 1/2-1/2

[Event "Gibraltar Masters"]
[Site "Caleta ENG"]
[Date "2011.01.26"]
[Round "2"]
[White "Cmilyte, Viktorija"]
[Black "Georgiev, Kiril"]
[Result "1-0"]
[WhiteTitle "GM"]
[BlackTitle "GM"]
[WhiteElo "2526"]
[BlackElo "2669"]
[WhiteFideId "12801259"]
[BlackFideId "2900017"]
[EventDate "2011.01.25"]

1. d4 Nf6 2. c4 e6 3. Nc3 Bb4 4. Qc2 Nc6 5. Nf3 d6 6. Bg5 h6 7. Bxf6 Qxf6 8. e3
O-O 9. Bd3 e5 10. d5 Ne7 11. O-O Bxc3 12. Qxc3 Bf5 13. Nd2 Bxd3 14. Qxd3 a5 15.
Qc3 Qf5 16. Rae1 Qd7 17. f4 exf4 18. exf4 Rfe8 19. Ne4 c6 20. Qg3 Kf8 21. f5
Nxf5 22. Qh3 cxd5 23. cxd5 Re5 24. Ng3 Rxe1 25. Rxe1 g6 26. Rf1 Qe7 27. Nxf5
gxf5 28. Qxh6+ Kg8 29. h3 Re8 30. Kh1 Qe5 31. Rf3 Rc8 32. Qg5+ Kf8 33. Rxf5 Rc1+
34. Qxc1 Qxf5 35. Qh6+ Ke7 36. Qh4+ Kd7 37. Qa4+ Ke7 38. Qb5 b6 39. Qe2+ Kf8 40.
Qd1 Qf2 41. Qc1 Qf5 42. Qh6+ Ke7 43. Qh4+ Ke8 44. Qd4 b5 45. Kh2 b4 46. h4 Kf8
47. a3 Kg8 48. axb4 axb4 49. Qd2 Kh7 50. Qxb4 Qe5+ 51. Kh3 Qxd5 52. Qf4 Qb3+ 53.
Kh2 Qxb2 54. Qxf7+ Kh6 55. Kh3 Qc3+ 56. Qf3 Qe5 57. g3 Kg7 58. Qf4 Qd5 59. Qe3
Kh7 60. g4 Kg8 61. h5 Qh1+ 62. Kg3 d5 63. Qe8+ Kg7 64. Qg6+ Kh8 65. Qe8+ Kg7 66.
Qe7+ Kg8 67. Kf4 Qf1+ 68. Kg5 Qc1+ 69. Kg6 Qc6+ 70. Kf5 Qc8+ 71. Kf4 Qc1+ 72.
Qe3 Qc4+ 73. Kg5 d4 74. Qe8+ Kh7 75. Qg6+ Kh8 76. Kh6 Qc1+ 77. g5 1-0

[Event "Gibraltar Masters"]
[Site "Caleta ENG"]
[Date "2011.01.26"]
[Round "2"]
[White "Cramling, Pia"]
[Black "Short, Nigel D"]
[Result "0-1"]
[WhiteTitle "GM"]
[BlackTitle "GM"]
[WhiteElo "2516"]
[BlackElo "2658"]
[WhiteFideId "1700030"]
[BlackFideId "400025"]
[EventDate "2011.01.25"]

1. d4 Nc6 2. Nf3 d5 3. c4 Bg4 4. Nc3 e6 5. cxd5 exd5 6. Bf4 Bd6 7. Bg3 Nge7 8.
e3 Qd7 9. Be2 O-O 10. O-O Bxg3 11. hxg3 Bxf3 12. gxf3 Nd8 13. f4 Ne6 14. Rc1 c6
15. Kg2 g6 16. Bd3 Ng7 17. Ne2 Rae8 18. Ng1 Nef5 19. Re1 Re7 20. Nf3 f6 21. b4
a6 22. a4 Nd6 23. Qb3 b5 24. axb5 axb5 25. e4 Nc4 26. e5 Ne6 27. Bf1 f5 28. Ra1
h6 29. Bd3 g5 30. Rh1 gxf4 31. Rxh6 fxg3 32. Rah1 Nf4+ 33. Kg1 Rg7 34. Rh8+ Kf7
35. R8h7 gxf2+ 36. Kxf2 Ke8 37. Ng5 Qa7 38. Bxc4 bxc4 39. Rxg7 Qxd4+ 40. Qe3
Qb2+ 41. Kf1 Qg2+ 42. Ke1 Nd3+ 43. Kd1 Qxh1+ 44. Kc2 d4 0-1

[Event "Gibraltar Masters"]
[Site "Caleta ENG"]
[Date "2011.01.26"]
[Round "2"]
[White "Fridman, Daniel"]
[Black "El Debs, Felipe de Cresce"]
[Result "1-0"]
[WhiteTitle "GM"]
[BlackTitle "GM"]
[WhiteElo "2655"]
[BlackElo "2499"]
[WhiteFideId "11600454"]
[BlackFideId "2106981"]
[EventDate "2011.01.25"]

1. d4 d5 2. c4 c6 3. Nf3 Nf6 4. Qb3 dxc4 5. Qxc4 Bg4 6. Nc3 Nbd7 7. e4 Bxf3 8.
gxf3 e5 9. Be3 exd4 10. Bxd4 Bd6 11. O-O-O Qc7 12. Ne2 O-O 13. Qc2 Nh5 14. Kb1
Rad8 15. Be3 Rfe8 16. Qc1 Nf8 17. Ng3 Nf6 18. Nf5 Ne6 19. Bc4 Be5 20. Rxd8 Rxd8
21. Rg1 g6 22. Nh6+ Kf8 23. Bxe6 fxe6 24. f4 1-0

[Event "Gibraltar Masters"]
[Site "Caleta ENG"]
[Date "2011.01.26"]
[Round "2"]
[White "Gallagher, Joseph G."]
[Black "Roiz, Michael"]
[Result "0-1"]
[WhiteTitle "GM"]
[BlackTitle "GM"]
[WhiteElo "2501"]
[BlackElo "2649"]
[WhiteFideId "1303422"]
[BlackFideId "2804158"]
[EventDate "2011.01.25"]

1. e4 e5 2. Nf3 Nc6 3. Bb5 a6 4. Ba4 Nf6 5. O-O Be7 6. Re1 b5 7. Bb3 d6 8. c3
O-O 9. h3 Nb8 10. d4 Nbd7 11. Nbd2 Bb7 12. Bc2 Re8 13. a4 Bf8 14. Bd3 c6 15. b3
g6 16. Ba3 Nh5 17. Qc2 Qb6 18. Bb2 exd4 19. cxd4 Nf4 20. Bf1 d5 21. g3 Ne6 22.
Qd3 bxa4 23. bxa4 a5 24. exd5 cxd5 25. Bc3 Ba6 26. Qb1 Bxf1 27. Rxf1 Rec8 28.
Rc1 Bh6 29. Qd3 Qa6 30. Qf1 Qxf1+ 31. Kxf1 Nb6 32. Ke2 Rc7 33. Bb2 Nc4 34. Bc3
Rac8 35. Rd1 Ne3 36. fxe3 Rxc3 37. Nf1 Bf8 38. Rd3 Rc2+ 39. Rd2 Bb4 40. Rxc2
Rxc2+ 41. Kd3 Rc3+ 42. Ke2 Rc2+ 43. Kd3 Rb2 44. h4 Ng7 45. Ne5 Nf5 46. Nc6 h5
47. Nxb4 Rxb4 48. Ra3 Rb2 49. e4 dxe4+ 50. Kxe4 Rf2 51. Ne3 Nxg3+ 52. Ke5 Kf8
53. Nc4 Rf5+ 54. Kd6 Ne2 55. d5 Nf4 56. Nb6 Ke8 57. Kc6 Kd8 58. Rb3 g5 59. hxg5
h4 0-1

[Event "Gibraltar Masters"]
[Site "Caleta ENG"]
[Date "2011.01.26"]
[Round "2"]
[White "Sandipan, Chanda"]
[Black "Zatonskih, Anna"]
[Result "1-0"]
[WhiteTitle "GM"]
[BlackTitle "IM"]
[WhiteElo "2641"]
[BlackElo "2493"]
[WhiteFideId "5004225"]
[BlackFideId "14101572"]
[EventDate "2011.01.25"]

1. d4 d5 2. c4 e6 3. Nc3 Be7 4. cxd5 exd5 5. Bf4 Nf6 6. e3 Bf5 7. Nge2 O-O 8.
Rc1 Bg6 9. Bg3 c6 10. Nf4 Bf5 11. Bd3 Bxd3 12. Nxd3 Nbd7 13. b4 Ne4 14. O-O Nxc3
15. Rxc3 Nb6 16. Nc5 Qc8 17. Rb3 Nc4 18. a4 a6 19. Nd3 Bd6 20. b5 Bxg3 21. hxg3
cxb5 22. axb5 a5 23. Rc3 Qd7 24. Qa4 g5 25. Ne5 Nxe5 26. dxe5 Rfc8 27. Rfc1 Rxc3
28. Rxc3 Qf5 29. Rc7 Qxe5 30. b6 d4 31. Qc4 Rf8 32. exd4 Qe1+ 33. Kh2 Qxf2 34.
Rxb7 Re8 35. Qb5 Re6 36. Qxg5+ Rg6 37. Rb8+ Kg7 38. Qe5+ Kh6 39. b7 Qb2 40. Qf4+
Kg7 41. Rg8+ 1-0

[Event "Gibraltar Masters"]
[Site "Caleta ENG"]
[Date "2011.01.26"]
[Round "2"]
[White "Krush, Irina"]
[Black "Sanchez, Louis"]
[Result "1-0"]
[WhiteTitle "IM"]
[BlackTitle "FM"]
[WhiteElo "2483"]
[BlackElo "2262"]
[WhiteFideId "2012782"]
[BlackFideId "624225"]
[EventDate "2011.01.25"]

1. d4 d5 2. c4 c6 3. Nf3 Nf6 4. Nc3 a6 5. c5 Nbd7 6. Bf4 g6 7. e3 Bg7 8. Bd3 O-O
9. h3 Re8 10. Bh2 Nf8 11. O-O N6d7 12. e4 dxe4 13. Nxe4 Nf6 14. Nc3 Be6 15. Re1
Bd5 16. Nxd5 Nxd5 17. Qb3 Qc8 18. Bc4 e6 19. Rad1 Nd7 20. Ng5 b5 21. cxb6 N7xb6
22. Bf1 c5 23. Ne4 c4 24. Qc2 Qc6 25. Nd6 Red8 26. Nxc4 Nxc4 27. Qxc4 Qxc4 28.
Bxc4 Nb6 29. Bf1 Rxd4 30. Rxd4 Bxd4 31. Be5 Bxe5 32. Rxe5 a5 33. Rb5 Nc8 34. g3
Kg7 35. Bg2 Ra7 36. Rc5 Nd6 37. Kf1 Kf6 38. Ke2 e5 39. Kd3 Ke6 40. Kc3 e4 41. b3
f5 42. f3 exf3 43. Bxf3 g5 44. Kd4 h6 45. Bd5+ Kd7 46. Ke5 Ra6 47. Be6+ Kd8 48.
Bxf5 a4 49. Bd3 Nf7+ 50. Kd4 Rd6+ 51. Rd5 axb3 52. Rxd6+ Nxd6 53. axb3 h5 54.
Ke5 Ke7 55. b4 h4 56. g4 1-0

[Event "Gibraltar Masters"]
[Site "Caleta ENG"]
[Date "2011.01.26"]
[Round "2"]
[White "AL-Sayed, Mohammed"]
[Black "Berg, Emanuel"]
[Result "0-1"]
[WhiteTitle "GM"]
[BlackTitle "GM"]
[WhiteElo "2490"]
[BlackElo "2627"]
[WhiteFideId "12100196"]
[BlackFideId "1704060"]
[EventDate "2011.01.25"]

1. d4 Nf6 2. c4 g6 3. Nc3 Bg7 4. e4 d6 5. Nf3 O-O 6. Be2 e5 7. Be3 Nbd7 8. O-O
c6 9. d5 c5 10. Bg5 h6 11. Bh4 a6 12. Ne1 Qe8 13. Nd3 Nh7 14. Rb1 h5 15. f3 Bh6
16. Bf2 Qe7 17. b4 b6 18. Qa4 h4 19. bxc5 bxc5 20. Qc6 Ra7 21. Na4 Rd8 22. Nb6
Nxb6 23. Qxb6 Rb7 24. Qa5 Rxb1 25. Rxb1 h3 26. g3 f5 27. Nxe5 dxe5 28. Bxc5 Qg5
29. Qc7 Bf8 30. Bf2 fxe4 31. fxe4 Bg4 32. Bxg4 Qxg4 33. Qxe5 Ng5 34. Qf4 Qe2 35.
Qe3 Qxc4 36. Re1 Be7 0-1

[Event "Gibraltar Masters"]
[Site "Caleta ENG"]
[Date "2011.01.26"]
[Round "2"]
[White "Kacheishvili, Giorgi"]
[Black "Karavade, Eesha"]
[Result "1/2-1/2"]
[WhiteTitle "GM"]
[BlackTitle "IM"]
[WhiteElo "2585"]
[BlackElo "2353"]
[WhiteFideId "13600613"]
[BlackFideId "5012600"]
[EventDate "2011.01.25"]

1. Nf3 Nf6 2. c4 c5 3. d4 cxd4 4. Nxd4 d5 5. cxd5 Nxd5 6. g3 e5 7. Nb5 Qa5+ 8.
N1c3 Nxc3 9. Nxc3 Nc6 10. Bg2 Be6 11. Bd2 Rd8 12. O-O 1/2-1/2

[Event "Gibraltar Masters"]
[Site "Caleta ENG"]
[Date "2011.01.26"]
[Round "2"]
[White "Harika, Dronavalli"]
[Black "Vea, Odin Blikra"]
[Result "1-0"]
[WhiteTitle "IM"]
[WhiteElo "2520"]
[BlackElo "2214"]
[WhiteFideId "5015197"]
[BlackFideId "1503685"]
[EventDate "2011.01.25"]

1. Nf3 Nf6 2. c4 e6 3. g3 Nc6 4. Bg2 d5 5. O-O Be7 6. d4 O-O 7. b3 Rb8 8. Nbd2
Ne4 9. Bb2 Nxd2 10. Qxd2 Bf6 11. Rfd1 Qe7 12. Rac1 Rd8 13. Qc2 Nb4 14. Qb1 b6
15. a3 Na6 16. b4 c5 17. b5 Nc7 18. dxc5 bxc5 19. Bxf6 Qxf6 20. e4 dxc4 21.
Rxd8+ Qxd8 22. a4 a6 23. Ne5 Bb7 24. Rd1 Qe8 25. b6 Na8 26. a5 c3 27. Qc2 Rd8
28. Rxd8 Qxd8 29. Qxc3 Qd1+ 30. Bf1 f6 31. Qd3 Qxd3 32. Nxd3 c4 33. Nc5 c3 34.
Bd3 Nxb6 35. axb6 1-0

[Event "Gibraltar Masters"]
[Site "Caleta ENG"]
[Date "2011.01.26"]
[Round "2"]
[White "Tozer, Philip A A"]
[Black "Karim, Ismael"]
[Result "0-1"]
[BlackTitle "IM"]
[WhiteElo "2140"]
[BlackElo "2375"]
[WhiteFideId "419982"]
[BlackFideId "625736"]
[EventDate "2011.01.25"]

1. c4 g6 2. g3 Bg7 3. Nc3 d6 4. Bg2 e5 5. d3 Nf6 6. e4 O-O 7. Nge2 c6 8. O-O a6
9. b4 Nbd7 10. h3 b5 11. a4 bxc4 12. dxc4 Nb6 13. c5 dxc5 14. bxc5 Nc4 15. Qc2
Be6 16. Rd1 Qc8 17. Nd5 Nxd5 18. exd5 cxd5 19. Bxd5 Bxd5 20. Rxd5 e4 21. Nd4 Ne5
22. Qxe4 Qxh3 23. Bf4 Nc6 24. Be3 Rfe8 25. Qg2 Qc8 26. Rc1 Nb4 27. Rd6 Nd3 28.
Rd1 Nb2 29. Rc1 Nd3 30. Rc3 Ne1 31. Qd5 Bxd4 32. Bxd4 Qh3 33. Rd7 Nf3+ 0-1

[Event "Gibraltar Masters"]
[Site "Caleta ENG"]
[Date "2011.01.26"]
[Round "2"]
[White "Zaremba, Andrie"]
[Black "Montabord, Manuel"]
[Result "1-0"]
[WhiteTitle "FM"]
[WhiteElo "2339"]
[BlackElo "2063"]
[WhiteFideId "2014513"]
[BlackFideId "614386"]
[EventDate "2011.01.25"]

1. d4 Nf6 2. Nf3 d6 3. Nc3 Nbd7 4. e4 c5 5. dxc5 Nxc5 6. e5 dxe5 7. Qxd8+ Kxd8
8. Nxe5 Be6 9. Be3 Ncd7 10. O-O-O a6 11. Na4 Ke8 12. Nxd7 Nxd7 13. Be2 Rc8 14.
Bf3 b5 15. Nc3 Bf5 16. Rd2 b4 17. Na4 Rc7 18. Rhd1 e5 19. g4 Be6 20. Nb6 b3 21.
axb3 Nc5 22. Rd8+ Ke7 23. Na8 Nxb3+ 24. Kb1 Nd4 25. Nxc7 Nxf3 26. Bc5+ 1-0

[Event "Gibraltar Masters"]
[Site "Caleta ENG"]
[Date "2011.01.26"]
[Round "2"]
[White "Sasikiran, Krishnan"]
[Black "Calzetta Ruiz, Monica"]
[Result "1-0"]
[WhiteTitle "GM"]
[BlackTitle "WGM"]
[WhiteElo "2690"]
[BlackElo "2284"]
[WhiteFideId "5004985"]
[BlackFideId "2204185"]
[EventDate "2011.01.25"]

1. d4 Nf6 2. c4 c5 3. d5 b5 4. Nd2 bxc4 5. e4 c3 6. bxc3 d6 7. c4 g6 8. Bb2 Bg7
9. Bd3 O-O 10. Qc2 e5 11. Ne2 Nh5 12. O-O Bh6 13. Rae1 Bg4 14. Bc1 Bxe2 15. Bxe2
Nf4 16. Bd1 Na6 17. a3 Rb8 18. g3 Nh3+ 19. Kg2 Qc8 20. Nf3 Bxc1 21. Qxc1 Kg7 22.
Nh4 f6 23. f4 exf4 24. gxf4 Kh8 25. Qc3 g5 26. fxg5 Nxg5 27. Rxf6 Kg8 28. Nf5 1-0

[Event "Gibraltar Masters"]
[Site "Caleta ENG"]
[Date "2011.01.26"]
[Round "2"]
[White "Becker, Thomas1"]
[Black "Nezad, Husein Aziz"]
[Result "0-1"]
[BlackTitle "IM"]
[WhiteElo "2031"]
[BlackElo "2420"]
[WhiteFideId "4624904"]
[BlackFideId "12100293"]
[EventDate "2011.01.25"]

1. c4 e6 2. Nf3 d5 3. g3 Nf6 4. Bg2 Be7 5. O-O O-O 6. b3 b6 7. Bb2 Bb7 8. d3 c5
9. e3 Nc6 10. a3 Qc7 11. Nbd2 Rad8 12. Qc2 Rd7 13. Rac1 Qb8 14. cxd5 Nxd5 15.
Ne4 Rfd8 16. Rfd1 Qa8 17. Ba1 Bf8 18. Qb2 Nde7 19. Qc2 Nf5 20. Bf1 c4 21. bxc4
Bxa3 22. Rb1 Nb4 23. Qc3 Bxe4 24. Ne5 Rd6 25. Qxa3 a5 26. Qc3 f6 27. Ng4 e5 28.
Nxe5 fxe5 29. Qxe5 Nxd3 30. Qc3 Ne5 31. Be2 Bxb1 32. Rxb1 Nf3+ 33. Kf1 Nd2+ 0-1

[Event "Gibraltar Masters"]
[Site "Caleta ENG"]
[Date "2011.01.26"]
[Round "2"]
[White "Daoudi, Kamal"]
[Black "Stokke, Kjetil"]
[Result "0-1"]
[BlackTitle "FM"]
[WhiteElo "2155"]
[BlackElo "2413"]
[WhiteFideId "9001069"]
[BlackFideId "1502964"]
[EventDate "2011.01.25"]

1. e4 c6 2. d4 d5 3. Nc3 dxe4 4. Nxe4 Nd7 5. Ng5 Ngf6 6. Bd3 e6 7. N1f3 Bd6 8.
Qe2 h6 9. Ne4 Nxe4 10. Qxe4 Qc7 11. Qg4 Kf8 12. O-O c5 13. b3 e5 14. dxc5 Nxc5
15. Bf5 Ne6 16. Rd1 g6 17. Bxe6 Bxe6 18. Qg3 Kg7 19. Bb2 f6 20. Nh4 g5 21. Qd3
gxh4 22. Qxd6 Qxd6 23. Rxd6 Kf7 24. Rad1 Rhg8 25. c4 Rac8 26. Bc1 h5 27. Be3 Bg4
28. R1d2 Bf3 29. Rd7+ Ke6 30. R2d6+ Kf5 31. g3 Rc6 32. c5 a6 33. Rd8 Rxd6 34.
Rxd6 h3 35. Bd2 Bc6 36. Ba5 Bf3 37. Bd8 Ke4 38. Bxf6 Rc8 39. b4 a5 40. Be7 axb4
41. Rb6 Ra8 42. Rxb7 Rxa2 43. Rxb4+ Kd5 44. Rb1 Rc2 45. Re1 e4 46. Bg5 Rxc5 47.
Rc1 Ra5 48. Be3 Ra8 49. Rc5+ Kd6 50. Rc1 Kd7 51. Bf4 Ke6 52. Be3 Ra5 53. Rc6+
Kd5 54. Rc1 Rb5 55. Ra1 Kc4 56. Bf4 Rb7 57. Be3 Bg2 58. Rc1+ Kd3 59. Rd1+ Ke2
60. Rd2+ Kf3 61. Rd1 Rb3 62. Re1 Kg4 63. Rc1 Bf3 64. Rc5 Rb1+ 65. Bc1 Bg2 66.
Rc7 Kf3 67. Rc2 Ra1 68. Rc3+ Kg4 69. Rc5 Rb1 70. Rc3 Kf5 71. Rc5+ Ke6 72. Rc6+
Kd5 73. Rc8 Kd4 74. Rd8+ Kc3 75. Rc8+ Kd3 76. Rd8+ Ke2 77. Rc8 e3 78. f4 Be4 79.
Rc3 Bd3 80. Rc5 Ra1 81. Rc3 Ra2 82. Rb3 Rd2 83. Rb2 Bf5 84. Bxd2 exd2 85. Ra2
Ke1 86. Ra1+ d1=Q 87. Rxd1+ Kxd1 88. Kf2 Kd2 89. Kf3 Ke1 90. g4 hxg4+ 91. Kg3
Ke2 92. Kh4 Kf3 93. Kg5 Ke4 94. Kh4 Kxf4 95. Kh5 g3 96. hxg3+ Kxg3 97. Kg5 h2
98. Kf6 h1=Q 99. Ke5 Qe4+ 100. Kd6 Qd4+ 101. Kc6 Be4+ 102. Kb5 Qc3 103. Kb6 Qc6+
104. Ka5 Qb7 105. Ka4 Bd3 106. Ka3 Bc2 107. Ka2 Qb3+ 108. Ka1 Qb1# 0-1

[Event "Gibraltar Masters"]
[Site "Caleta ENG"]
[Date "2011.01.26"]
[Round "2"]
[White "Gaponenko, Inna"]
[Black "Tscharotschkin, Michael"]
[Result "1/2-1/2"]
[WhiteTitle "IM"]
[WhiteElo "2466"]
[BlackElo "2181"]
[WhiteFideId "14101181"]
[BlackFideId "4619510"]
[EventDate "2011.01.25"]

1. e4 c5 2. Nf3 e6 3. d4 d5 4. exd5 exd5 5. Bb5+ Bd7 6. Qe2+ Be7 7. O-O Nf6 8.
Re1 c4 9. Bxd7+ Nbxd7 10. b3 cxb3 11. axb3 Kf8 12. c4 Bb4 13. Ba3 Bxa3 14. Nxa3
a6 15. Qd2 g6 16. Qb4+ Kg7 17. Qxb7 Rb8 18. Qxa6 Rxb3 19. cxd5 Nb6 20. Reb1
Rxb1+ 21. Rxb1 Nfxd5 22. Nc4 Re8 23. Rxb6 Nxb6 24. Nxb6 Re6 25. h3 Qxb6 26. Qd3
Qa6 27. Qc3 Qc6 28. Qb3 Qc1+ 29. Kh2 Rf6 30. d5 h5 31. Qd3 Qf4+ 32. Kg1 g5 33.
Qe3 g4 34. hxg4 hxg4 35. Nh2 g3 36. Nf3 Ra6 37. Qc3+ Qf6 38. Qxf6+ Kxf6 39. fxg3
Rd6 40. g4 Rxd5 41. Kf2 Ra5 42. Kg3 Ra4 43. Kh4 Kg6 44. Ne5+ Kg7 45. Kg3 Re4 46.
Nf3 Kh6 47. Kh3 f6 48. Kg3 Kg6 49. Kh3 Kf7 50. Kg3 Ke6 51. Kh3 Ra4 52. Kg3 Kd5
53. Kh3 Ke4 54. Kg3 Ra3 55. g5 f5 56. Kh4 Ra2 57. Ne1 Ra8 58. g6 Ke5 59. Kg5 Ke6
60. Nd3 Ra5 61. Nf4+ Ke7 62. Kh6 Ra4 63. g3 Kf6 64. g7 Ra8 65. Kh7 Kg5 66. Ne2
Kg4 67. Kg6 Ra6+ 68. Kf7 Ra7+ 69. Kf6 Ra6+ 70. Kf7 Ra7+ 71. Kg6 Ra6+ 72. Kh7 Ra8
73. Nd4 Ra7 74. Kg6 Rxg7+ 75. Kxg7 Kxg3 76. Nxf5+ 1/2-1/2

[Event "Gibraltar Masters"]
[Site "Caleta ENG"]
[Date "2011.01.26"]
[Round "2"]
[White "Wahlbom, Magnus"]
[Black "Compton, Alistair"]
[Result "1-0"]
[WhiteElo "2305"]
[BlackElo "2046"]
[WhiteFideId "1700685"]
[BlackFideId "4300645"]
[EventDate "2011.01.25"]

1. d4 d5 2. c4 e6 3. Nc3 c5 4. cxd5 cxd4 5. Qa4+ Bd7 6. Qxd4 exd5 7. Qxd5 Nc6 8.
Nf3 Nf6 9. Qd1 Bc5 10. e3 Qe7 11. Be2 O-O-O 12. O-O g5 13. b4 g4 14. Nd4 Bxb4
15. Bb2 Kb8 16. Ncb5 Rhg8 17. Qa4 a6 18. Nxc6+ Bxc6 19. Bxf6 Qxf6 20. Qxb4 axb5
21. Bxb5 Bxb5 22. Qxb5 Rg5 23. Qb4 Qd6 24. Rab1 Qxb4 25. Rxb4 h5 26. Rfb1 Rd7
27. Kf1 Rgd5 28. Ke1 Rc5 29. Rb5 Rdc7 30. Rxc5 Rxc5 31. Kd2 Rf5 32. Ke2 Rc5 33.
Rb2 Rc1 34. f3 f5 35. Kf2 h4 36. e4 gxf3 37. Kxf3 fxe4+ 38. Kxe4 Kc7 39. Rd2 b5
40. g4 hxg3 41. hxg3 Rc4+ 42. Kf5 Rc5+ 43. Kf4 Rc4+ 44. Kg5 Rc5+ 45. Kh4 Rc1 46.
g4 Rh1+ 1-0

[Event "Gibraltar Masters"]
[Site "Caleta ENG"]
[Date "2011.01.26"]
[Round "2"]
[White "Iordachescu, Viorel"]
[Black "Sarkar, Justin"]
[Result "0-1"]
[WhiteTitle "GM"]
[BlackTitle "IM"]
[WhiteElo "2634"]
[BlackElo "2418"]
[WhiteFideId "13900200"]
[BlackFideId "2010011"]
[EventDate "2011.01.25"]

1. e4 c6 2. d4 d5 3. Nd2 dxe4 4. Nxe4 Bf5 5. Ng3 Bg6 6. h4 h6 7. Nf3 Nd7 8. h5
Bh7 9. Bd3 Bxd3 10. Qxd3 e6 11. Bd2 Ngf6 12. O-O-O Be7 13. Qe2 c5 14. Rhe1 O-O
15. Nf5 Re8 16. Nxe7+ Qxe7 17. g4 Nxg4 18. Rg1 f5 19. Ne5 Ngxe5 20. dxe5 Kh7 21.
Rg3 Rf8 22. Rdg1 Rf7 23. f3 Re8 24. Qg2 Qf8 25. Rg6 Kh8 26. Qe2 Ree7 27. Kb1 f4
28. Qe4 Rf5 29. R6g4 Ref7 30. Rg6 Rxe5 31. Qxb7 Rd5 32. Bc3 Ne5 33. Qb5 Nxg6 34.
hxg6 Rfd7 35. b3 Rd1+ 36. Rxd1 Rxd1+ 37. Kb2 Rg1 38. Qd7 Rxg6 39. Qxa7 Rg2 40.
Qd7 Qf5 41. Qd1 Qd5 42. Qh1 Rg6 43. a4 e5 44. a5 Re6 45. Qh5 Kg8 46. Qf5 g6 47.
Qh3 Kh7 48. Qf1 h5 49. Qb5 Qc6 50. Qb8 Re8 51. Qa7+ Kh6 52. Qf7 Qe6 53. Qb7 Re7
54. Qb5 h4 55. Qxc5 h3 56. Qf2 g5 57. Qe2 e4 58. fxe4 Qxe4 59. Qd2 Re6 60. Qd7
h2 61. Qf7 Rg6 0-1